DLC Europa Universalis IV - Statistiques

Statistiques générales
  • Ce quiz a été pris 10 fois
  • Le résultat moyen est 8 sur 18
Statistiques - réponses
Année DLC % Correct
09/06/2020 Emperor
86%
11/11/2021 Origins
71%
16/11/2017 Cradle of Civilization/ Le berceau de la Civilisation
57%
26/02/2015 El Dorado
57%
27/04/2021 Leviathan
57%
20/03/2018 Rule Britannia
57%
03/08/2017 Third Rome/ La troisième Rome
57%
11/12/2018 Golden Century/ Le siècle d'or
43%
06/04/2017 Mandate of Heaven/ Le Mandat Céleste
43%
01/12/2015 The Cossacks/ Les Cosaques
43%
29/05/2014 Wealth of Nations/ La richesse des Nations
43%
30/10/2014 Art of War/ L'art de la guerre
29%
09/06/2015 Common Sense
29%
14/01/2014 Conquest of Paradise/ La conquête du paradis
29%
06/09/2018 Dharma
29%
16/07/2014 Res Publica
29%
11/10/2016 Rights of Man
29%
05/04/2016 Mare Nostrum
14%
Aucun quiz correspondant
Distribution des résultats
% des personnes avec chaque résultat
Percentile par nombre de réponses
Votre historique - résultats
Vous n’avez pas pris ce quiz